000
00202nam a2200097Ia 4500
008
190216s9999||||xx |||||||||||||| ||und||
100
_a
M R B
245
0
_a
Kinavile Yathra
260
_b
Null
942
_c
BK
999
_c
23907
_d
23907